Phát triển công nghiệp hỗ trợ ngành da – giày của Việt Nam trong bối cảnh thực hiện Hiệp định Thương mại tự do EVFTA và CPTPP
Salvato in:
| Natura: | Sách |
|---|---|
| Lingua: | Undetermined |
| Pubblicazione: |
Công thương
2021
|
| Soggetti: | |
| Tags: |
Aggiungi Tag
Nessun Tag, puoi essere il primo ad aggiungerne! !
|
| Thư viện lưu trữ: | Trung tâm Thư viện - Trường Đại học Công nghiệp TP. Hồ Chí Minh |
|---|
| LEADER | 00567nam a2200133Ia 4500 | ||
|---|---|---|---|
| 001 | UIH_00111 | ||
| 008 | 230809s9999 xx 000 0 und d | ||
| 082 | |a 338 | ||
| 245 | 0 | |a Phát triển công nghiệp hỗ trợ ngành da – giày của Việt Nam trong bối cảnh thực hiện Hiệp định Thương mại tự do EVFTA và CPTPP | |
| 260 | |b Công thương | ||
| 260 | |c 2021 | ||
| 650 | |a Công nghiệp hỗ trợ; | ||
| 927 | |a Sách | ||
| 980 | |a Trung tâm Thư viện - Trường Đại học Công nghiệp TP. Hồ Chí Minh | ||